000 00580nam a2200205Ia 4500
005 20250923144841.0
008 008 250917s9999 xx 000 0 eng d
037 _aTextual
040 _aDSWL
_beng
_cDSWL
041 _aeng
_2eng
084 _aRRL7:4:691.2, N08
_qDSWL
100 _aEwens, G.F.W.
_9829055
245 0 _aInsanity In India
_cby G.F.W. Ewens
260 _aCalcutta
_bThackerSpink & Company
_c1908
300 _axii,347p.
365 _aINR
_b20
925 _g20
942 _cTEXL
_hRRL7:4:691.2, N08
999 _c1444138
_d1444138